Municipis de la comarca del Vallès Occidental amb mapa (Catalunya) - Statistics

General Stats
  • This quiz has been taken 143 times
  • The average score is 14 of 23
Answers on the Map
Answers color-coded by a green-red scale on the quiz's map according to % correct below.
 
Answer Stats
Answer % Correct
Montcada i Reixac
82%
Terrassa
72%
Sabadell
70%
Matadepera
66%
Cerdanyola del Vallès
64%
Rubí
64%
Sant Cugat del Vallès
64%
Badia del Vallès
62%
Castellar del Vallès
60%
Castellbisbal
60%
Ripollet
60%
Sant Quirze del Vallès
60%
Gallifa
58%
Sant Llorenç Savall
58%
Barberà del Vallès
54%
Rellinars
54%
Ullastrell
52%
Polinyà
50%
Santa Perpètua de Mogoda
50%
Vacarisses
50%
Viladecavalls
50%
Sentmenat
48%
Palau-solità i Plegamans
42%
No matching quizzes found
Score Distribution
Percent of People with Each Score
Percentile by Number Answered
Your Score History
You have not taken this quiz